000 00650nam a2200205Ia 4500
005 20250508161642.0
008 008 250505s9999 xx 000 0 eng d
037 _aTextual
040 _aFEDL
_beng
_cFEDL
041 _aeng
_2eng
084 _a510, PHI
_qFEDL
100 _aPhillips Jo McKeeby and others
_9771195
245 0 _aDeveloping mathematics: Three
260 _aLondon, UK
_bThe Macmillan Company
_c1970
300 _a377p.
490 _aThe Macmillan school mathematics program
546 _aJt. Authors: Tina Thoburn, Walter J Sanders, J. Franklin Fitzgerald
942 _cTEXL
_h510, PHI
999 _c1371345
_d1371345